000
00334nam a2200145 a 4500
008
150514s2000|||| d
245
1
0
_a
V božej blízkosti
250
_a
1. vydanie
260
_b
MSEJK
_a
Bratislava
_c
2000
300
_a
365s.
020
_a
978-3-86698-048-8
_c
0
041
_a
slo
044
_a
xo
_c
SK
958
_a
APR
999
_c
20843
_d
20843